000 00327nam a22001457a 4500
020 _a978-93-85039-23-2
041 _aENG
100 _aBhatt.N.D
245 _aMachine Drawing
260 _aGujarat
_bCharotar Publishing
_c2016
300 _aFiftieth Edition
650 _aFMP
700 _aPanchal.V.M , Ingle.R.P
856 _uFMP
999 _c103
_d103